[Event "Bangkok Cha Am op 19th"]
[Site "Bangkok"]
[Date "2019.04.07"]
[Round "2"]
[White "Lou, Yiping"]
[Black "Tobor, Mick"]
[Result "0-1"]
[WhiteElo "2482"]
[BlackElo "1949"]
[PlyCount "66"]
[EventDate "2019.04.06"]
[EventType "swiss"]
[EventRounds "9"]
[EventCountry "THA"]
[SourceTitle "CBM 189 Extra"]
[Source "ChessBase"]
[SourceDate "2019.06.03"]
[SourceVersion "1"]
[SourceVersionDate "2019.06.03"]
[SourceQuality "1"]

1. e4 c5 2. Nf3 d6 3. d4 cxd4 4. Nxd4 Nf6 5. Nc3 a6 6. h3 e5 7. Nde2 Be6 8. g4 Be7 9. g5 Nh5 10. h4 Nd7 11. Bg2 0-0 12. Bf3 Nf4 13. Nxf4 exf4 14. Bxf4 Ne5 15. Be2 Qb6 16. Rb1 Qc6 17. Be3 Rac8 18. f4 Nc4 19. Bd4 f5 20. Bf3 fxe4 21. Bxe4 d5 22. Bxh7+ Kxh7 23. Qh5+ Kg8 24. g6 Rf6 25. f5 Rxf5 26. Qh7+ Kf8 27. Qh8+ Bg8 28. Qxg7+ Ke8 29. Qxg8+ Kd7 30. Qg7 Qe6+ 31. Kd1 Rcf8 32. Re1 Rf1 33. Ne2 Qf5 0-1